000 00596cab a2200205 4500
001 WB2849-25
008 090401t1992 xxu||||| |||| 00| 0 eng d
035 _a(Sirsi) u45315
041 _aeng
245 _aCouncils get boost for housing
260 _c1992
350 _a0
490 _aDaily Telegraph
_v18 December 1992, 7(1)
520 _aExtra funds of £1bn over the next three years are to be injected into the Housing Investment Programme.
650 _aESTATE ACTION
650 _aHOUSING INVESTMENT PROGRAMME
690 _aHOUSING-FINANCE
942 _n0
948 _c04/03/1997
999 _c28789
_d28789